00285nam a2200109Ia 4500008004100000082000900041100001900050245002700069260002500096630002700121730002700148100328s9999 xx 000 0 und d b2440 aDiole Philippe aThe Vndersea Adventure bSidgwick And Jackson aThe Vndersea Adventure aThe Vndersea Adventure